Statistics for Autobots in the Transformers Trilogy

Click here to take the quiz!

General Stats

  • This quiz has been taken 96 times
  • The average score is 19 of 33

Answer Stats

HintAnswer% Correct
1975-77 style Chevrolet CamaroBumblebee
100%
Pontiac Solstice Custom Hardtop GXPJazz
94%
Western Star 5700XE Phantom CustomOptimus Prime
94%
LAFD Search and Rescue 2004 Hummer H2Ratchet
94%
2006 GMC Topkick C4500Ironhide
92%
Chevrolet CorvetteSideswipe
80%
Chevrolet VoltJolt
73%
Cybertronian TyrannosaurusGrimlock
71%
Chevrolet BeatSkids
71%
Radio-Controlled Monster TruckWheelie
69%
Ferrari 458 ItaliaDino
67%
Lockheed SR-71 BlackbirdJetfire
67%
Chevrolet TraxMudflap
67%
Ducati 848Arcee
63%
Earnhardt Ganassi Racing Target CarLeadfoot
57%
Lenovo ThinkPad EdgeBrains
55%
Lamborghini CentenarioHot Rod
53%
Oshkosh Defense Medium Tactical TruckHound
53%
Rosenbauer Panther Airport Crash Tender Fire-TruckSentinel Prime
53%
Hendrick Motorsports Lowe's/KobaltTopspin
51%
Suzuki B-KingChromia
49%
Mercedes-AMG GTDrift
49%
Chevy Corvette C7 StingrayCrosshairs
47%
MV Agusta F4 R312Elita-One
47%
Hendrick Motorsports AMP Energy/National GuardRoadbuster
47%
Cybertronian TriceratopsSlug
45%
Cybertronian PteranodonStrafe
43%
Cybertronian SpinosaurusScorn
41%
Turquoise VespaSqweeks
22%
1917 Mark IV TankBulldog
20%
Mercedes-Benz LK Model 1920 Dump TruckDaytrader
14%
Mercedes-Benz E550Que
14%
Aston Martin DB11Canopy
2%

Score Distribution

Percentile by Number Answered

Percent of People with Each Score

Your Score History

You have not taken this quiz